| 000 | 00536nam a22001817a 4500 | ||
|---|---|---|---|
| 999 |
_c264443 _d264442 |
||
| 003 | OSt | ||
| 005 | 20240902114135.0 | ||
| 008 | 240902b xxu||||| |||| 00| 0 eng d | ||
| 040 | _cRU | ||
| 050 |
_aLA1052 _b .J864 2001 |
||
| 100 | _aJuneja, Nalini | ||
| 110 | _a UNESCO IIEP [3195] | ||
| 245 |
_aPrimary education for all in the city of Mumbai, India: _bthe challenge set by local actors |
||
| 260 |
_aIndia, New Delhi _bIIEP _c2001 |
||
| 300 | _a161p. | ||
| 490 | _aSchool mapping and local-level planning [4] | ||
| 942 |
_2lcc _cBK |
||